| 000 | 00704nam a2200217 4500 | ||
|---|---|---|---|
| 005 | 20251028120658.0 | ||
| 010 | _aENG-146985-986 | ||
| 020 |
_a9789389800128 _c1045.00 |
||
| 035 | _aEN-130517-518 | ||
| 037 | _bDBAD | ||
| 082 |
_21 _a530 |
||
| 100 |
_aJain, Keshav _985543 |
||
| 245 |
_aDinesh NCERT NEET & You Physics/ _cKeshav Jain |
||
| 250 | _a1 | ||
| 260 |
_aDelhi _bS. Dinesh & Co. _c2025 |
||
| 270 |
_a4265, Gali No. 3, Mohalla Panjabian, Ansari Road, Darya Ganj _bDelhi _k011-23250628 _k011-23250058 _msdineshdelhi@gmail.com |
||
| 300 |
_a598p., 584p. _b28cm(pb) |
||
| 490 | _vVol 1,2 | ||
| 500 | _aVol 1 For Class XI Vol 2 For Class XII | ||
| 942 |
_2ddc _cEN _e1 _h530 _mJAI |
||
| 999 |
_c213679 _d213679 |
||